|
|
|
|
| LEADER |
00000nam2a2200000 4500 |
| 001 |
175462 |
| 005 |
20241210163236.0 |
| 035 |
|
|
|a (RuTPU)RU\TPU\book\190251
|
| 035 |
|
|
|a RU\TPU\book\190204
|
| 090 |
|
|
|a 175462
|
| 100 |
|
|
|a 20100215d1969 k y0rusy50 ca
|
| 101 |
0 |
|
|a rus
|
| 102 |
|
|
|a RU
|
| 105 |
|
|
|a a z 001yy
|
| 200 |
0 |
|
|a Вып. 353 : Туранская физико-географическая провинция
|f под ред. Л. Н. Бабушкин
|
| 210 |
|
|
|a Ташкент
|d 1969
|
| 215 |
|
|
|a 138 с.
|c ил.
|
| 320 |
|
|
|a Библиогр. в конце кн.
|
| 461 |
|
0 |
|0 (RuTPU)RU\TPU\book\190193
|t Научные труды Ташкентского Государственного Университета им. В. Л. Ленина
|f Ташкентский Государственный Университет им. В. Л. Ленина
|v Вып. 353 : Туранская физико-географическая провинция
|d 1967-1976
|
| 610 |
1 |
|
|a палеогеография
|
| 610 |
1 |
|
|a Средняя Азия
|
| 610 |
1 |
|
|a физико-географические исследования
|
| 610 |
1 |
|
|a картографирование
|
| 610 |
1 |
|
|a аналитические методы
|
| 610 |
1 |
|
|a Туранская провинция
|
| 675 |
|
|
|a 551.4
|v 3
|
| 702 |
|
1 |
|a Бабушкин
|b Л. Н.
|4 340
|
| 801 |
|
1 |
|a RU
|b 63413507
|c 20100210
|
| 801 |
|
2 |
|a RU
|b 63413507
|c 20130402
|g RCR
|
| 942 |
|
|
|c CR
|